Král hněvu /
Úvodní román z další eroticko-milostné série americké autorky.
Uloženo v:
| Série: | Králové hříchu,
část 1 |
|---|---|
| Hlavní autor: | |
| Další autoři: | |
| Médium: | E-kniha |
| Jazyk: | Czech |
| Vydáno: |
Praha :
Baronet,
2024
|
| Vydání: | 1. vydání |
| Témata: | |
| Příbuzné jednotky: | Z cyklu::
Králové hříchu |
| Tagy: |
Žádné tagy |
| LEADER | 02526nam a2200481 i 4500 | ||
|---|---|---|---|
| 001 | 312561 | ||
| 003 | CZ PrSKC | ||
| 005 | 20260601215724.0 | ||
| 007 | ta | ||
| 008 | 241108s2024 xr e 000 f cze | ||
| 015 | |a cnb003641817 | ||
| 020 | |a 9788026924845 |q (vázáno) | ||
| 035 | |a (OCoLC)1498299873 | ||
| 040 | |a ABG001 |b cze |e rda | ||
| 041 | 1 | |a cze |h eng | |
| 072 | 7 | |a 821.111(73)-3 |x Americká próza |2 Konspekt | |
| 080 | |a 821.111(73)-31 |2 MRF | ||
| 080 | |a (0:82-993) |2 MRF | ||
| 080 | |a (0:82-312.5) |2 MRF | ||
| 100 | 1 | |a Huang, Ana |7 xx0274388 |4 aut | |
| 240 | 1 | 0 | |a King of wrath. |l Česky |
| 245 | 1 | 0 | |a Král hněvu / |c Ana Huang ; z anglického originálu King of wrath ... přeložila Jana Michalcová |
| 250 | |a 1. vydání | ||
| 264 | 1 | |a Praha : |b Baronet, |c 2024 | |
| 300 | |a 455 stran ; |c 20 cm | ||
| 336 | |a text |b txt |2 rdacontent | ||
| 337 | |a bez média |b n |2 rdamedia | ||
| 338 | |a svazek |b nc |2 rdacarrier | ||
| 520 | 2 | |a Úvodní román z další eroticko-milostné série americké autorky. |b Bezohledný. Arogantní. A k zešílení sexy. Dante Russo se vyžívá v kontrole, jak v osobním, tak v profesním životě. Uhrančivý miliardář a generální ředitel v jednom se nikdy neplánoval oženit. Pak ho ale hrozba vydírání donutila zasnoubit se s Vivian Lau, dědičkou šperkařského impéria a dcerou jeho nejnovějšího nepřítele. Nezáleží na tom, jak je krásná nebo okouzlující. Dante hodlá udělat vše, co je v jeho silách, aby zasnoubení zrušil. Je tu ale jeden problém: teď, když ji má... nemůže už být bez ní. Nakladatelská anotace. | |
| 655 | 7 | |a americké romány |7 fd131796 |2 czenas | |
| 655 | 7 | |a erotické romány |7 fd132211 |2 czenas | |
| 655 | 7 | |a milostné romány |7 fd132840 |2 czenas | |
| 655 | 9 | |a American fiction |2 eczenas | |
| 655 | 9 | |a erotic novels |2 eczenas | |
| 655 | 9 | |a love novels |2 eczenas | |
| 700 | 1 | |a Michalcová, Jana, |d 1987- |7 xx0240599 |4 trl | |
| 787 | 0 | 8 | |i Z cyklu: |t Králové hříchu |g 1 |
| 900 | |a ABA001 |b 20 | ||
| 928 | 9 | |a Albatros Media - Baronet | |
| 044 | |a xr | ||
| 910 | |a RBIT002 | ||
| 998 | |d 415408 |a https://core.palmknihy.cz/api/books/415408/cover?smlvgf |b https://core.palmknihy.cz/api/books/415408/cover/400?smlvgf |c https://core.palmknihy.cz/api/books/415408/cover/50?smlvgf |e 2029-05-06 |g 456 |i 9788026924845 |j https://core.palmknihy.cz/api/books/415408/preview.epub |k https://core.palmknihy.cz/api/books/415408/preview.pdf |l |q 49 |r 1 |s https://www.palmknihy.cz/kniha/415408 |t ebook |y 2024 |z 0 |v Králové hříchu |w 1 | ||
| 999 | |d 312559 | ||